[Event "Pobeskydy op"]
[Site "Frydek Mistek"]
[Date "2013.03.30"]
[Round "6"]
[White "Melzer, Patrik"]
[Black "Cempel, Jaroslav"]
[Result "1/2-1/2"]
[WhiteElo "2135"]
[BlackElo "2228"]
[PlyCount "90"]
[EventDate "2013.03.28"]
[EventType "swiss"]
[EventRounds "9"]
[EventCountry "CZE"]
[SourceTitle "CBM 153 Extra"]
[Source "ChessBase"]
[SourceDate "2013.04.22"]
[SourceVersion "1"]
[SourceVersionDate "2013.04.22"]
[SourceQuality "1"]

1. Nf3 d5 2. d4 c6 3. Bf4 g6 4. e3 Bg7 5. Bd3 Nf6 6. 0-0 Nh5 7. Bg3 Nxg3 8. hxg3 Qb6 9. b3 Bg4 10. Qc1 Bxf3 11. gxf3 c5 12. c3 e5 13. Nd2 cxd4 14. exd4 0-0 15. dxe5 Bxe5 16. f4 Bg7 17. Rb1 Nc6 18. Nf3 Qc5 19. c4 Nb4 20. Qd2 dxc4 21. bxc4 Nxd3 22. Qxd3 Rfd8 23. Qe4 b6 24. Rfe1 Qa3 25. Re2 Rac8 26. Kg2 Qa4 27. Rc1 Rd6 28. Qb7 Rf8 29. Re7 a5 30. c5 bxc5 31. Rxc5 Bf6 32. Rec7 Qxa2 33. Qa7 a4 34. Ra5 Qe2 35. Rxa4 Rd1 36. Qa6 Rd3 37. Ng1 Qd1 38. Ra2 Rd6 39. Qc4 Bd8 40. Rc8 Qb1 41. Ra7 Qb6 42. Ra2 Rd4 43. Qc5 Qxc5 44. Rxc5 Bb6 45. Rb5 Bd8 1/2-1/2

[Event "Pobeskydy op"]
[Site "Frydek Mistek"]
[Date "2013.03.29"]
[Round "4"]
[White "Melzer, Patrik"]
[Black "Petkevich, Denis"]
[Result "1-0"]
[WhiteElo "2135"]
[BlackElo "1915"]
[PlyCount "49"]
[EventDate "2013.03.28"]
[EventType "swiss"]
[EventRounds "9"]
[EventCountry "CZE"]
[SourceTitle "CBM 153 Extra"]
[Source "ChessBase"]
[SourceDate "2013.04.22"]
[SourceVersion "1"]
[SourceVersionDate "2013.04.22"]
[SourceQuality "1"]

1. Nf3 Nf6 2. d4 g6 3. c4 Bg7 4. Nc3 d6 5. e4 0-0 6. Be2 Nbd7 7. 0-0 e5 8. d5 a5 9. Qc2 Nh5 10. g3 f5 11. exf5 gxf5 12. Nh4 Nf4 13. Nxf5 Nh3+ 14. Kg2 Nc5 15. Bg4 Qf6 16. Bxh3 Bxf5 17. Bxf5 Qxf5 18. Qxf5 Rxf5 19. Be3 Nd3 20. Rab1 Raf8 21. Ne4 b6 22. a3 Rb8 23. b4 axb4 24. axb4 Ra8 25. Rb3 1-0

[Event "Pobeskydy op"]
[Site "Frydek Mistek"]
[Date "2013.03.28"]
[Round "1"]
[White "Melzer, Patrik"]
[Black "Farkas, Gabor"]
[Result "0-1"]
[WhiteElo "2135"]
[BlackElo "2306"]
[PlyCount "74"]
[EventDate "2013.03.28"]
[EventType "swiss"]
[EventRounds "9"]
[EventCountry "CZE"]
[SourceTitle "CBM 153 Extra"]
[Source "ChessBase"]
[SourceDate "2013.04.22"]
[SourceVersion "1"]
[SourceVersionDate "2013.04.22"]
[SourceQuality "1"]

1. Nf3 d5 2. d4 Nf6 3. c4 c6 4. cxd5 cxd5 5. Nc3 a6 6. Bf4 Nc6 7. e3 e6 8. a3 Bd7 9. Rc1 Be7 10. Bd3 Nh5 11. Ne5 Nxf4 12. exf4 Nxd4 13. Qh5 Rf8 14. Bxh7 Bf6 15. 0-0 Nc6 16. Nxf7 Rxf7 17. Bg6 Qe7 18. Nxd5 exd5 19. Rfe1 0-0-0 20. Bxf7 Qd6 21. Qxd5 Qxd5 22. Bxd5 Bxb2 23. Rc2 Bxa3 24. h4 a5 25. f3 Bb4 26. Re5 Kc7 27. Be6 Bxe6 28. Rxe6 Rd2 29. Rxd2 Bxd2 30. f5 a4 31. Re2 Bc3 32. Rc2 Bd4+ 33. Kf1 b5 34. Ke2 b4 35. Kd3 b3 36. Rxc6+ Kxc6 37. Kxd4 b2 0-1

[Event "CZE-chTE U20 1213"]
[Site "Czech Republic"]
[Date "2012.10.07"]
[Round "4.2"]
[White "Melzer, Patrik"]
[Black "Melichar, Vojtech"]
[Result "1-0"]
[WhiteElo "2135"]
[BlackElo "1815"]
[PlyCount "69"]
[EventDate "2012.10.06"]
[EventType "team-tourn"]
[EventRounds "11"]
[EventCountry "CZE"]
[SourceTitle "EXT 2015"]
[Source "ChessBase"]
[SourceDate "2014.11.20"]
[SourceVersion "1"]
[SourceVersionDate "2014.11.20"]
[SourceQuality "1"]
[WhiteTeam "Havirov (U20)"]
[BlackTeam "Polabiny (U20) II"]
[WhiteTeamCountry "CZE"]
[BlackTeamCountry "CZE"]

1. Nf3 Nf6 2. d4 d5 3. c4 c6 4. e3 Bf5 5. Nc3 Nbd7 6. cxd5 cxd5 7. Qb3 Nb6 8. Bb5+ Bd7 9. a4 e6 10. a5 Nc8 11. Bxd7+ Nxd7 12. Qxb7 Nd6 13. Qc6 Nc4 14. 0-0 Bb4 15. a6 Bxc3 16. bxc3 0-0 17. Ba3 Re8 18. Rfb1 Rc8 19. Qa4 Ncb6 20. Qb3 Qc7 21. Bb4 Rb8 22. Qd1 Rec8 23. Nd2 Qc6 24. Nb3 Nc4 25. Na5 Nxa5 26. Rxa5 Rb6 27. Rba1 Qc4 28. R1a4 Rcb8 29. Qf1 Rc8 30. Qxc4 Rxc4 31. Kf1 Nb8 32. Rc5 Rxa6 33. Rb5 Rb6 34. Rxb6 axb6 35. Ra8 1-0

[Event "CZE-chTE U20 1213"]
[Site "Czech Republic"]
[Date "2012.10.06"]
[Round "2.2"]
[White "Melzer, Patrik"]
[Black "Zeman, Radek"]
[Result "1-0"]
[WhiteElo "2135"]
[BlackElo "1796"]
[PlyCount "45"]
[EventDate "2012.10.06"]
[EventType "team-tourn"]
[EventRounds "11"]
[EventCountry "CZE"]
[SourceTitle "EXT 2015"]
[Source "ChessBase"]
[SourceDate "2014.11.20"]
[SourceVersion "1"]
[SourceVersionDate "2014.11.20"]
[SourceQuality "1"]
[WhiteTeam "Havirov (U20)"]
[BlackTeam "Brno Duras (U20)"]
[WhiteTeamCountry "CZE"]
[BlackTeamCountry "CZE"]

1. d4 Nf6 2. Nf3 e6 3. c4 d5 4. e3 Be7 5. Nc3 0-0 6. Bd3 b6 7. 0-0 Bb7 8. b3 Nbd7 9. Bb2 c5 10. Qe2 Ne4 11. Bxe4 dxe4 12. Nd2 f5 13. f3 Nf6 14. dxc5 Bxc5 15. fxe4 Ng4 16. Rf3 f4 17. Nf1 fxe3 18. Na4 Qc7 19. Nxc5 Qxc5 20. Rg3 h5 21. Nxe3 Bxe4 22. b4 Qd6 23. Nxg4 1-0

[Event "World ol U16 11th"]
[Site "Istanbul"]
[Date "2012.09.05"]
[Round "10.17"]
[White "Melzer, Patrik"]
[Black "Beradze, Irakli"]
[Result "0-1"]
[WhiteElo "2108"]
[BlackElo "2331"]
[PlyCount "47"]
[EventDate "2012.08.29"]
[EventType "team-swiss"]
[EventRounds "10"]
[EventCountry "TUR"]
[SourceTitle "CBM 150 Extra"]
[Source "ChessBase"]
[SourceDate "2012.10.19"]
[SourceVersion "1"]
[SourceVersionDate "2012.10.19"]
[SourceQuality "1"]
[WhiteTeam "Czech Republic (U16)"]
[BlackTeam "Georgia (U16)"]
[WhiteTeamCountry "CZE"]
[BlackTeamCountry "GEO"]

1. d4 d5 2. c4 e6 3. Nc3 Nf6 4. Bg5 Be7 5. e3 0-0 6. Nf3 b6 7. Rc1 Bb7 8. Bd3 Nbd7 9. 0-0 c5 10. Qe2 h6 11. Bh4 dxc4 12. Bxc4 Ne4 13. Bxe7 Qxe7 14. Nxe4 Bxe4 15. Rfd1 Rfd8 16. Bb5 Rac8 17. dxc5 Rxc5 18. Rxc5 Nxc5 19. Rd4 Bb7 20. Qd1 Rc8 21. Ne5 Qg5 22. Nf3 Qf6 23. Bf1 Bd5 24. b3 0-1

[Event "EU-ch U16"]
[Site "Prague"]
[Date "2012.08.24"]
[Round "8"]
[White "Mirzoev, Emil"]
[Black "Melzer, Patrik"]
[Result "1-0"]
[WhiteElo "2241"]
[BlackElo "2108"]
[PlyCount "143"]
[EventDate "2012.08.17"]
[EventType "swiss"]
[EventRounds "9"]
[EventCountry "CZE"]
[SourceTitle "CBM 150 Extra"]
[Source "ChessBase"]
[SourceDate "2012.10.19"]
[SourceVersion "1"]
[SourceVersionDate "2012.10.19"]
[SourceQuality "1"]

1. Nf3 d5 2. c4 c6 3. b3 Nf6 4. Bb2 Bf5 5. d3 Nbd7 6. Nbd2 h6 7. g3 e6 8. Bg2 a5 9. a3 c5 10. 0-0 Bh7 11. cxd5 Nxd5 12. Rc1 f6 13. d4 Be7 14. e4 Nc7 15. Qe2 0-0 16. Rfd1 cxd4 17. Nxd4 Bc5 18. Nf1 Qe7 19. Nb5 Na6 20. Ne3 Bxe3 21. Qxe3 Rac8 22. f4 Rxc1 23. Rxc1 Ndc5 24. Bd4 b6 25. e5 fxe5 26. Bxe5 Rd8 27. Nd4 Qf7 28. h4 Qg6 29. Nc6 Qd3 30. Qe1 Rd7 31. b4 axb4 32. axb4 Nb3 33. Rc3 Qd1 34. Qxd1 Rxd1+ 35. Kh2 Rd3 36. Bf1 Rxc3 37. Bxc3 Nc7 38. Bc4 Nc1 39. Be5 b5 40. Bf1 Nd5 41. Bxb5 Na2 42. Bd6 Be4 43. Bc4 Nac3 44. Nd4 Kf7 45. Bb3 Bd3 46. h5 Nb5 47. Nxb5 Bxb5 48. Bc2 Be2 49. Bg6+ Kg8 50. Kh3 Nf6 51. Kh4 Ng4 52. Be8 Nh2 53. g4 Nxg4 54. b5 Ne3 55. Bc5 Nc4 56. Kg3 Na5 57. Kf2 Bc4 58. Bb4 Nb7 59. Ke3 Bd5 60. Kd4 Nd8 61. Ba3 Bf3 62. Be7 Nb7 63. Bc6 Bxc6 64. bxc6 Na5 65. Kc5 Nxc6 66. Kxc6 Kf7 67. Kd6 g6 68. hxg6+ Kxg6 69. Kxe6 h5 70. f5+ Kh6 71. f6 h4 72. f7 1-0

[Event "EU-ch U16"]
[Site "Prague"]
[Date "2012.08.22"]
[Round "6"]
[White "Georgiadis, Nico"]
[Black "Melzer, Patrik"]
[Result "1-0"]
[WhiteElo "2345"]
[BlackElo "2108"]
[PlyCount "89"]
[EventDate "2012.08.17"]
[EventType "swiss"]
[EventRounds "9"]
[EventCountry "CZE"]
[SourceTitle "CBM 150 Extra"]
[Source "ChessBase"]
[SourceDate "2012.10.19"]
[SourceVersion "1"]
[SourceVersionDate "2012.10.19"]
[SourceQuality "1"]

1. e4 c6 2. d4 d5 3. exd5 cxd5 4. Bd3 Nc6 5. c3 Qc7 6. Ne2 Bg4 7. f3 Bd7 8. 0-0 e6 9. Bf4 Bd6 10. Bxd6 Qxd6 11. Nd2 Nf6 12. Ng3 h5 13. Qe2 Kf8 14. Qe3 h4 15. Ne2 Re8 16. f4 g6 17. Nf3 Ng4 18. Qd2 Kg7 19. h3 Nf6 20. Qe1 Ne7 21. Nxh4 Qb6 22. b3 Nf5 23. Nxf5+ exf5 24. Qd2 Bb5 25. c4 Bc6 26. c5 Qd8 27. b4 a6 28. a4 Ne4 29. Bxe4 dxe4 30. Qe3 Qf6 31. Nc3 Rd8 32. Rfd1 Rh4 33. Kh2 g5 34. fxg5 Qg6 35. d5 Be8 36. b5 Bd7 37. Qd4+ Kh7 38. Qf6 Qh5 39. g6+ fxg6 40. Qe7+ Kh6 41. Qxd8 Qg4 42. Rf1 f4 43. Qh8+ Kg5 44. Nxe4+ Kf5 45. Nd6+ 1-0

[Event "Karvina op"]
[Site "Karvina"]
[Date "2012.07.08"]
[Round "9"]
[White "Velicka, Petr"]
[Black "Melzer, Patrik"]
[Result "1-0"]
[WhiteElo "2462"]
[BlackElo "2066"]
[PlyCount "90"]
[EventDate "2012.06.30"]
[EventType "swiss"]
[EventRounds "9"]
[EventCountry "CZE"]
[SourceTitle "EXT 2014"]
[Source "ChessBase"]
[SourceDate "2013.11.20"]
[SourceVersion "1"]
[SourceVersionDate "2013.11.20"]
[SourceQuality "1"]

1. e4 d5 2. exd5 Qxd5 3. Nc3 Qa5 4. d4 Nf6 5. Nf3 c6 6. Bd2 Bf5 7. Ne4 Qc7 8. Nxf6+ gxf6 9. g3 e6 10. Bg2 Nd7 11. 0-0 0-0-0 12. Re1 Bg4 13. c3 h5 14. Qa4 Bxf3 15. Bxf3 Kb8 16. Re2 Nb6 17. Qb3 h4 18. a4 hxg3 19. hxg3 Bh6 20. a5 Nc8 21. a6 Bxd2 22. axb7 Qxb7 23. Qxb7+ Kxb7 24. Rxd2 Nb6 25. b4 a6 26. Rda2 Ra8 27. Ra5 Rhd8 28. R1a3 Nc4 29. Bxc6+ Kxc6 30. Rc5+ Kb6 31. Rxc4 Rd5 32. Kg2 Rh8 33. Ra1 Rdh5 34. Rc5 Rh2+ 35. Kf3 R8h5 36. Rxh5 Rxh5 37. Ke3 Rf5 38. c4 Rh5 39. Rb1 Kc6 40. Rd1 a5 41. b5+ Kb6 42. Rb1 a4 43. c5+ Ka5 44. b6 a3 45. b7 Rd5 1-0

[Event "Karvina op"]
[Site "Karvina"]
[Date "2012.07.06"]
[Round "7"]
[White "Sergeev, Vladimir"]
[Black "Melzer, Patrik"]
[Result "1-0"]
[WhiteElo "2479"]
[BlackElo "2066"]
[PlyCount "47"]
[EventDate "2012.06.30"]
[EventType "swiss"]
[EventRounds "9"]
[EventCountry "CZE"]
[SourceTitle "EXT 2014"]
[Source "ChessBase"]
[SourceDate "2013.11.20"]
[SourceVersion "1"]
[SourceVersionDate "2013.11.20"]
[SourceQuality "1"]

1. Nf3 d5 2. g3 Nf6 3. Bg2 c6 4. d3 Bf5 5. Nh4 e6 6. Nxf5 exf5 7. Nd2 Bd6 8. e3 0-0 9. 0-0 Na6 10. a3 Re8 11. c4 Nc5 12. Qc2 dxc4 13. Nxc4 g6 14. b4 Ne6 15. Nxd6 Qxd6 16. Bb2 Nc7 17. e4 fxe4 18. dxe4 Qe7 19. Qc3 Kg7 20. g4 Nb5 21. Qf3 h6 22. h4 g5 23. hxg5 hxg5 24. Qf5 1-0

[Event "Karvina op"]
[Site "Karvina"]
[Date "2012.07.01"]
[Round "2"]
[White "Melzer, Patrik"]
[Black "Sobek, Jaroslav"]
[Result "0-1"]
[WhiteElo "2066"]
[BlackElo "2251"]
[PlyCount "128"]
[EventDate "2012.06.30"]
[EventType "swiss"]
[EventRounds "9"]
[EventCountry "CZE"]
[SourceTitle "EXT 2014"]
[Source "ChessBase"]
[SourceDate "2013.11.20"]
[SourceVersion "1"]
[SourceVersionDate "2013.11.20"]
[SourceQuality "1"]

1. d4 d5 2. Nf3 Nf6 3. c4 dxc4 4. Nc3 a6 5. a4 Nc6 6. e3 Na5 7. Ne5 Be6 8. Be2 g6 9. 0-0 c6 10. Qc2 Nd7 11. f4 Nxe5 12. fxe5 Bg7 13. Ne4 Bf5 14. g4 Bxe4 15. Qxe4 0-0 16. g5 Qd5 17. Qh4 f5 18. Rf3 Rf7 19. Rh3 Bf8 20. Bf3 Qd7 21. Bd2 Nb3 22. Rd1 e6 23. Bc3 b5 24. Qe1 Be7 25. Rg3 f4 26. Rg4 Raf8 27. e4 b4 28. Bxb4 Nxd4 29. Kg2 Nxf3 30. Rxd7 Nxe1+ 31. Bxe1 f3+ 32. Kf1 Bc5 33. Rxf7 Rxf7 34. Bf2 Bxf2 35. Kxf2 Rb7 36. Kxf3 Rb3+ 37. Ke2 Rxb2+ 38. Ke3 c5 39. h4 Rh2 40. Rg1 Rxh4 41. Rc1 Rh3+ 42. Kd2 c3+ 43. Kc2 Rg3 44. Rb1 Rxg5 45. Rb8+ Kg7 46. Rb7+ Kh6 47. Rb6 Rxe5 48. Rxa6 Rxe4 49. a5 g5 50. Rd6 g4 51. a6 Kg5 52. Kb3 h5 53. Rc6 Rb4+ 54. Kxc3 Ra4 55. Rxc5+ Kh4 56. Rc6 Kh3 57. Rxe6 g3 58. Kb3 Ra1 59. Kb2 Ra5 60. Rh6 h4 61. Rc6 g2 62. Rc3+ Kh2 63. Ra3 Rxa3 64. Kxa3 g1Q 0-1

[Event "Ostrava Konik op-A"]
[Site "Ostrava"]
[Date "2012.05.01"]
[Round "4"]
[White "Leks, Maria"]
[Black "Melzer, Patrik"]
[Result "1-0"]
[WhiteElo "2103"]
[BlackElo "1969"]
[PlyCount "111"]
[EventDate "2012.04.28"]
[EventType "swiss"]
[EventRounds "9"]
[EventCountry "CZE"]
[SourceTitle "CBM 148 Extra"]
[Source "ChessBase"]
[SourceDate "2012.06.22"]
[SourceVersion "1"]
[SourceVersionDate "2012.06.22"]
[SourceQuality "1"]

1. e4 d5 2. exd5 Qxd5 3. Nf3 Nf6 4. d4 Bg4 5. Be2 c6 6. 0-0 e6 7. c4 Qd8 8. Nc3 Bd6 9. Be3 Qc7 10. h3 Bxf3 11. Bxf3 0-0 12. Qc2 Bh2+ 13. Kh1 Bf4 14. Rad1 Nbd7 15. Qd2 Bxe3 16. fxe3 Rad8 17. Qf2 c5 18. Be2 a6 19. Qh4 cxd4 20. exd4 Rfe8 21. Bd3 Nf8 22. Rxf6 gxf6 23. Ne4 Nd7 24. c5 f5 25. Nd6 Nf8 26. Nxe8 Rxe8 27. Re1 Ng6 28. Qf2 Rd8 29. Bc4 Qf4 30. Qxf4 Nxf4 31. Rd1 Nd5 32. Rd3 Nf4 33. Rd2 Nd5 34. a3 a5 35. Kg1 Kf8 36. Kf2 Nf6 37. Ke3 Ne4 38. Rd3 Nf6 39. Rb3 f4+ 40. Kd3 e5 41. d5 Nxd5 42. Rxb7 Ne3+ 43. Kc3 Nxc4 44. Kxc4 e4 45. c6 Ke8 46. Kc5 Rd2 47. Rb8+ Ke7 48. c7 Rc2+ 49. Kb6 Rxb2+ 50. Kxa5 Rc2 51. c8Q Rxc8 52. Rxc8 Kf6 53. Kb4 Kg5 54. Kc4 f3 55. gxf3 exf3 56. Kd3 1-0

[Event "CZE-chTE U20 1112"]
[Site "Czech Republic"]
[Date "2012.04.14"]
[Round "5.4"]
[White "Melzer, Patrik"]
[Black "Machan, Jan"]
[Result "1/2-1/2"]
[WhiteElo "1953"]
[BlackElo "2001"]
[PlyCount "65"]
[EventDate "2011.10.15"]
[EventType "team-tourn"]
[EventRounds "7"]
[EventCountry "CZE"]
[SourceTitle "CBM 148 Extra"]
[Source "ChessBase"]
[SourceDate "2012.06.22"]
[SourceVersion "1"]
[SourceVersionDate "2012.06.22"]
[SourceQuality "1"]
[WhiteTeam "Havirov"]
[BlackTeam "Polabiny"]
[WhiteTeamCountry "CZE"]
[BlackTeamCountry "CZE"]

1. Nf3 Nf6 2. d4 e6 3. c4 b6 4. Nc3 Bb4 5. Qc2 c5 6. a3 Bxc3+ 7. Qxc3 d6 8. dxc5 bxc5 9. b4 0-0 10. Bg5 Nbd7 11. e4 Bb7 12. Bxf6 Nxf6 13. e5 Ne4 14. Qe3 dxe5 15. Bd3 f5 16. Bxe4 Bxe4 17. Rd1 Qc7 18. Ng5 Qe7 19. Nxe4 fxe4 20. Qxc5 Qxc5 21. bxc5 Rac8 22. Rd7 a5 23. Ke2 Rxc5 24. Rb1 Rxc4 25. Rbb7 Rc2+ 26. Kd1 Rfc8 27. Rxg7+ Kf8 28. Rgf7+ Kg8 29. Rg7+ Kf8 30. Rbf7+ Ke8 31. Re7+ Kf8 32. Ref7+ Ke8 33. Re7+ 1/2-1/2

[Event "Frydek Mistek op"]
[Site "Frydek Mistek"]
[Date "2012.04.07"]
[Round "5"]
[White "Cempel, Jaroslav"]
[Black "Melzer, Patrik"]
[Result "1/2-1/2"]
[WhiteElo "2200"]
[BlackElo "1969"]
[PlyCount "134"]
[EventDate "2012.04.05"]
[EventType "swiss"]
[EventRounds "9"]
[EventCountry "CZE"]
[SourceTitle "CBM 147 Extra"]
[Source "ChessBase"]
[SourceDate "2012.04.24"]
[SourceVersion "1"]
[SourceVersionDate "2012.04.24"]
[SourceQuality "1"]

1. d4 c6 2. e4 d5 3. Nd2 dxe4 4. Nxe4 Nd7 5. Nf3 Ngf6 6. Neg5 e6 7. Bd3 Bd6 8. h4 h6 9. Nh3 Qc7 10. Qe2 c5 11. dxc5 Nxc5 12. Bb5+ Bd7 13. Bd2 Rc8 14. Bxd7+ Ncxd7 15. c3 Qc4 16. Nd4 Ne5 17. Qxc4 Nxc4 18. Bc1 Nd5 19. 0-0 0-0 20. Re1 a6 21. Ne2 b5 22. a3 Rfd8 23. Rb1 Rd7 24. Nhf4 Bxf4 25. Nxf4 Nxf4 26. Bxf4 Rcd8 27. g3 Nd2 28. Bxd2 Rxd2 29. Kf1 Kf8 30. Re2 Ke7 31. Ke1 R2d5 32. Ra1 g5 33. hxg5 hxg5 34. Rc1 Rh8 35. Rec2 f5 36. c4 Re5+ 37. Kd2 Rd8+ 38. Kc3 f4 39. gxf4 gxf4 40. cxb5 Rc5+ 41. Kb4 Rxb5+ 42. Ka4 Rdd5 43. b4 e5 44. Rh1 a5 45. Rh6 axb4 46. axb4 Kd7 47. Rcc6 Rb7 48. Rhg6 Ra7+ 49. Kb3 Rc7 50. Ra6 Rd2 51. b5 Kc8 52. f3 Rd3+ 53. Kb4 Rd1 54. Rge6 Rh1 55. Ka5 Ra1+ 56. Kb6 Rb7+ 57. Kc5 Rc1+ 58. Kd6 Rd1+ 59. Kxe5 Rxb5+ 60. Kxf4 Rd4+ 61. Ke3 Rd7 62. f4 Rf5 63. Re4 Rdf7 64. Rc6+ Kd7 65. Rb6 Kc7 66. Rbe6 Kd7 67. Kd4 Rxf4 1/2-1/2

[Event "CZE-ch U16"]
[Site "Kouty nad Desnou"]
[Date "2012.03.12"]
[Round "3"]
[White "Melzer, Patrik"]
[Black "Toman, Ondrej"]
[Result "0-1"]
[WhiteElo "1969"]
[BlackElo "1872"]
[PlyCount "102"]
[EventDate "2012.03.10"]
[EventType "swiss"]
[EventRounds "9"]
[EventCountry "CZE"]
[SourceTitle "EXT 2013"]
[Source "ChessBase"]
[SourceDate "2012.11.22"]
[SourceVersion "1"]
[SourceVersionDate "2012.11.22"]
[SourceQuality "1"]

1. d4 Nf6 2. Nf3 d5 3. c4 c6 4. Nc3 e6 5. Bg5 h6 6. Bd2 Bd6 7. e3 0-0 8. Bd3 Nbd7 9. e4 dxe4 10. Nxe4 Nxe4 11. Bxe4 Nf6 12. Bc2 c5 13. dxc5 Bxc5 14. b4 Bd6 15. c5 Bc7 16. Qe2 e5 17. h3 e4 18. Nh2 a5 19. Rd1 Bxh2 20. Rxh2 Qc7 21. g3 axb4 22. Bb3 Qxc5 23. Rc1 Qe7 24. Qb5 Re8 25. Bxb4 Qe5 26. Qxe5 Rxe5 27. Bd6 Re8 28. Rc7 Be6 29. Rxb7 Bxb3 30. Rxb3 Rxa2 31. Rb8 Rxb8 32. Bxb8 Nd5 33. Be5 Nb4 34. Kf1 e3 35. Bc3 e2+ 36. Kg2 Nd3 37. Rh1 Rc2 38. Ba5 e1Q 39. Bxe1 Re2 40. Ba5 Rxf2+ 41. Kg1 Ra2 42. Bc3 Rc2 43. Bd4 f5 44. Rh2 Rc1+ 45. Kg2 Ne1+ 46. Kf2 Rc2+ 47. Kxe1 Rxh2 48. h4 f4 49. gxf4 Rxh4 50. Be5 g5 51. fxg5 Re4+ 0-1

[Event "CZE-chTE U20 1112"]
[Site "Czech Republic"]
[Date "2012.01.21"]
[Round "6.3"]
[White "Borufka, Roman"]
[Black "Melzer, Patrik"]
[Result "0-1"]
[WhiteElo "1897"]
[BlackElo "1953"]
[PlyCount "54"]
[EventDate "2011.10.15"]
[EventType "team-tourn"]
[EventRounds "7"]
[EventCountry "CZE"]
[SourceTitle "EXT 2013"]
[Source "ChessBase"]
[SourceDate "2012.11.22"]
[SourceVersion "1"]
[SourceVersionDate "2012.11.22"]
[SourceQuality "1"]
[WhiteTeam "Stare Mesto"]
[BlackTeam "Havirov"]
[WhiteTeamCountry "CZE"]
[BlackTeamCountry "CZE"]

1. e4 c6 2. d4 d5 3. exd5 cxd5 4. Bd3 Nc6 5. c3 Qc7 6. Ne2 Bg4 7. f3 Bd7 8. Bf4 e5 9. dxe5 Nxe5 10. Bc2 Nf6 11. Nd2 Bd6 12. Bg3 h5 13. Nb3 h4 14. Bf2 Nc4 15. Qc1 0-0-0 16. Nbd4 Rde8 17. b3 Bf4 18. Qb1 Nd2 19. Qb2 Qe5 20. Rd1 Bb5 21. Bf5+ Qxf5 22. Nxb5 Rxe2+ 23. Kxe2 Re8+ 24. Be3 Rxe3+ 25. Kf2 Ng4+ 26. fxg4 Re2+ 27. Kxe2 Qe4+ 0-1

[Event "CZE-chTE U20 1112"]
[Site "Czech Republic"]
[Date "2012.01.21"]
[Round "7.3"]
[White "Melzer, Patrik"]
[Black "Simonik, Adam"]
[Result "1-0"]
[WhiteElo "1953"]
[BlackElo "1885"]
[PlyCount "55"]
[EventDate "2011.10.15"]
[EventType "team-tourn"]
[EventRounds "7"]
[EventCountry "CZE"]
[SourceTitle "EXT 2013"]
[Source "ChessBase"]
[SourceDate "2012.11.22"]
[SourceVersion "1"]
[SourceVersionDate "2012.11.22"]
[SourceQuality "1"]
[WhiteTeam "Havirov"]
[BlackTeam "Borsice"]
[WhiteTeamCountry "CZE"]
[BlackTeamCountry "CZE"]

1. d4 d5 2. c4 e6 3. Nc3 Nf6 4. Bg5 Be7 5. Nf3 c6 6. e3 Nbd7 7. Rc1 0-0 8. Bd3 a6 9. 0-0 dxc4 10. Bxc4 b5 11. Bd3 c5 12. Qe2 cxd4 13. Nxd4 Bb7 14. Rfd1 Nd5 15. Bxe7 Qxe7 16. Nxd5 Bxd5 17. Rc7 Rfc8 18. Bxh7+ Kh8 19. Bb1 Qg5 20. f4 Qd8 21. Qh5+ Kg8 22. Qh7+ Kf8 23. Rxc8 Rxc8 24. Qh8+ Ke7 25. Qxg7 Qb6 26. e4 Bxe4 27. Bxe4 Nf6 28. Bg6 1-0